000 00390nam a2200133Ia 4500
008 100328s9999 xx 000 0 und d
082 _b34202
100 _aडांगे अशोक प्रभाकर
245 _aचित्रभारती
260 _bगुरु
630 _aचित्रभारती
730 _aचित्रभारती
942 _cBOOK
999 _c524426
_d524423